00725nam a2200193 a 450000100100000000500170001000800410002704000250006810000230009324500920011626000290020830000210023749000340025853400330029270000450032583000390037095201050040999900170051400004006620201002033910.0130805s1973 sp 000 0 spa d aDO-SdBNPbspacBNPHU1 aLeclerc, G.96632310aAntropología y colonialismo /cG. Leclerc ; traducción de J. Martínez de Velasco. aMadrid :,c1973-- 274 p. a273 p. ;c20 cm.1 aComunicación. Serie B ;v28 aAnthropologie et colonalisme1 aMartínez de Velasco, J., $etrad966324 0aComunicación. Serie Bv28952794 001050718MOaGRbGRcCTd2013-08-05iLF1l0o p40066-10r2020-06-25w2020-06-25y1ZNo se presta c39556d39556